000 00408nam a2200145Ia 4500
008 191206s9999 xx 000 0 und d
020 _a0743257731 (alk. pap
090 _aDA208.D29
245 0 _a1215: the year of Magna Carta
250 _a1st Touchstone ed.
260 _aSimon & Schuster
260 _cc2004
300 _a"xxi, 312 p. : ill., map ; 19 cm."
999 _c15334
_d15334